000 01011nam a2200301 i 4500
003 DO-SdBNP
005 20250523101736.0
007 ta
008 250523b2025 dr ||||| |||| 00| 0 spa d
020 _a9789945292831
040 _aDO-SdBNP
_bspa
_cBNPHU
_erda
041 _aspa
050 _aPrimera edición
082 4 _axxx
_bxxx
_222
100 _aCedeño, Sergio,
_eautor
_4aut.
_96356
245 1 0 _aEvangelina Rodríguez :
_bpolen fecundo vida y obra de la primera médica dominicana /
_cSergio cedeño ; prólogo, Ramón Perdomo
264 1 _aSanto Domingo :
_bEditora Búho,
_c2025.
300 _a273 páginas ;
_c24 cm.
336 _atexto
_btxt
_2rdacontent
337 _asin mediación
_bn
_2rdamedia
338 _avolumen
_bnc
_2rdacarrier
500 _aIncluye datos biográficos del autor en las solapas
504 _aBibliografía : páginas 263-265
590 _aInventariado, 2025/BT
700 1 _aPerdomo, Ramón,
_eprologuista
_4pr.
_917744
910 _aBtavárez
942 _2ddc
_cLBS1
999 _c59015
_d59015